00278nam a22000977a 450000500170000000800410001702000100005804000080006824500610007626000430013720201001140737.0201001b ||||| |||| 00| 0 eng d a21404 cCML aAn Alnanack for the Year of our Lord 1990.cWhitaker, J. aLondonbJ. Whitaker and Sons LTDc1989